Statistics for Which Country? #1

Click here to take the quiz!

General Stats

  • This quiz has been taken 56 times
    (11 since last reset)
  • The average score is 3 of 10

Answer Stats

QuestionAnswer% Correct
Which country invented golf?Scotland
57%
Which country invented Wi-Fi?Australia
43%
Which country has the most camels?Australia
29%
Which country discovered zero?India
29%
Which country does the largest lizard belong to?Indonesia
29%
Which country has the highest crime rate?Venezuela
29%
Which country is home to the world's largest airport?China
14%
Which country is the safest in the world?Iceland
14%
Which country has the most beggars?India
14%
Which country invented tea?China
0%

Score Distribution

Percentile by Number Answered

Percent of People with Each Score

Your Score History

You have not taken this quiz since the last reset